Score 0/7 Timer 03:00
0 Plays Today
Question Answer Wrong Answers
President John F. Kennedy is laid to rest at Arlington National Cemetery, across the ______ River from Washington, D.C.
1963
Potomac
86.3%
Delaware
5.8%
James
0.8%
Hudson
5.9%
This theoretical physicist presents the field equations of general relativity to the Prussian Academy of Sciences.
1915
Albert Einstein
81.5%
Niels Bohr
8.2%
Max Planck
4.8%
Werner Heisenberg
4.7%
US Attorney General Edwin Meese announces that profits from covert weapons sales to ______ were illegally diverted to the anti-communist Contra rebels in Nicaragua.
1986
Iran
80.7%
Iraq
12.2%
India
1.1%
Israel
4.2%
Pope Francis makes his first official visit to ______ (and Africa at large). His itinerary included holding an open mass at the University of Nairobi and meeting with various clergy members.
2015
Kenya
75.2%
Egypt
9.4%
Ethiopia
11.7%
Morocco
1.5%
Pat Summerall and this former American football coach broadcast their first game together, a pairing that would last 22 years and become one of the best-known partnerships in sportscasting history.
1979
John Madden
70.4%
Al Michaels
12%
Terry Bradshaw
11.2%
Cris Collinsworth
4.9%
Nicknamed 'The Yankee Clipper', this American baseball player, perhaps best known for his 56-game hitting streak, is born.
1914
Joe DiMaggio
67.3%
Mickey Mantle
12.8%
Lou Gehrig
13.2%
Yogi Berra
6.4%
Consisting primarily of farmers affected by the Panic of 1873, the anti-monopoly ______ Party is established in the United States.
1874
Greenback
42.9%
Communist
9.5%
Bull Moose
41.3%
Prohibition
6.2%
Remove Ads.
Support Sporcle.
Get the best of Sporcle when you Go Orange. This ad-free experience offers more features, more stats, and more fun while also helping to support Sporcle. Thank you for becoming a member.

You're not logged in!

Compare scores with friends on all Sporcle quizzes.
OR
Log In

Show Comments

Extras

Top Quizzes Today


Score Distribution

Your Account Isn't Verified!

In order to create a playlist on Sporcle, you need to verify the email address you used during registration. Go to your Sporcle Settings to finish the process.

Report this User

Report this user for behavior that violates our Community Guidelines.

Details: